Statistics for Asian Geography by Letter - U

Click here to take the quiz!

General Stats

  • This quiz has been taken 52 times
    (30 since last reset)
  • The average score is 13 of 20

Answer Stats

HintAnswer% Correct
Capital of MongoliaUlaanbaatar
100%
A federation of seven monarchies, including Abu Dhabi and DubaiUnited Arab Emirates
100%
Ancient Mesopotamian city-state excavated by Sir Leonard WoolleyUr
100%
Country that was part of the Soviet UnionUzbekistan
100%
Official language of PakistanUrdu
96%
Mountain range that separates Europe and AsiaUral Mountains
93%
Country which governed the Philippines from 1902-1946, except for a period during World War IIUnited States
89%
Kazakhstan is the largest producer in the world of this elementuranium
89%
Most populated state of IndiaUttar Pradesh
86%
Majority ethnic group of the Xinjiang region of ChinaUyghurs
86%
Capital of XinjiangÜrümqi
79%
The second Islamic caliphate; its capital was DamascusUmayyad Caliphate
75%
South Korean city with the world's largest automobile assembly plant and the world's largest shipyard, both owned by HyundaiUlsan
36%
Ancient Mesopotamian city that Gilgamesh ruled overUruk
32%
First level subdivision unit of India that has less autonomy than a stateunion territory
25%
Capital of Buryatia, RussiaUlan-Ude
21%
Ancient Syrian port city destroyed during the Late Bronze Age collapseUgarit
18%
Ancient Armenian kingdom that existed from 860 to 590 BC and fought against AssyriaUrartu
14%
Easternmost settlement in all of Asia, at 169° WestUelen
11%
Capital of the Tochigi Prefecture of Japan, with a metro area of over 1 millionUtsunomiya
11%

Score Distribution

Percentile by Number Answered

Percent of People with Each Score

Your Score History

You have not taken this quiz since the last reset